Personnages Pixar par film - Statistiques

Statistiques générales
  • Ce quiz a été pris 238 fois
  • Le résultat moyen est 45 sur 110
Statistiques - réponses
Films Personnages % Correct
Toy Story 🚀 Woody
96%
Buzz
94%
Dory
91%
Nemo
91%
Cars 🚗 Flash McQueen
88%
Bob
82%
Soul 🎺 Joe
82%
Ratatouille 🐀 Rémy
82%
Vice-Versa 😭 Joie
80%
Colère
79%
Tristesse
79%
Monstres et Cie 🚪 Sully
77%
Le Voyage d'Arlo 🐾 Arlo
75%
Wall-E 🌱 Wall-E
75%
Dégoût
74%
Martin
74%
Peur
73%
Andy
72%
Toy Story 2 👩‍🚀 Jessie
72%
Rex
71%
Eve
70%
Le Monde de Nemo 🐠 Marin
68%
Monsieur Patate
67%
Violette
66%
Bouh
63%
Mama Coco
63%
Elastigirl
62%
Rebelle 🏹 Mérida
62%
Zig-Zag
62%
Flèche
61%
Jack-Jack
61%
La Bergère
61%
Sally
61%
Linguini
58%
Coco 🎸 Miguel
57%
Riley
57%
Là-Haut 🎈 Carl Fredicksen
53%
Madame Patate
53%
Russell
51%
Pil-Poil
50%
Les Indestructibles 👊 Mr Indestructible
49%
Barbie
45%
Bayonne
45%
Ken
45%
Doug
44%
Colette
43%
Sid
43%
Doc Hudson
42%
Edna
42%
Frozone
42%
Toy Story 3 🚛 Lotso
42%
Syndrome
42%
Fourchette
41%
Léon
41%
Al
39%
Bing-Bong
38%
Emile
37%
Ernesto de la Cruz
36%
Kevin
35%
Hector
34%
Gusteau
33%
1001 Pattes 🐜 Tilt
32%
Anton Ego
30%
Ellie
29%
Zurg
28%
Bonnie
27%
Le Monde de Dory 🐙 Hank
26%
Célia
24%
Germaine
23%
Les Aliens
23%
Luigi
23%
Bruce
22%
Mama Imelda
22%
Skinner
22%
Cars 2 💥 Finn McMissile
21%
Papi Pépite
20%
En Avant 🦄 Ian
19%
22
18%
Dante
18%
Guido
18%
Spot
18%
Charles Muntz
17%
Couette
17%
Flo
17%
Le Borgne
17%
Siffli
17%
Princesse Atta
16%
Bailey
15%
Destinée
15%
Cruz Ramirez
14%
Toy Story 4 🎡 Gaby Gaby
13%
Ramone
13%
Elinor
12%
Francesco
12%
Cars 3 🏁 Jackson Storm
12%
Barley
11%
Big Baby
11%
Crush
11%
Duke Caboom
11%
Fergus
11%
Ducky
8%
Rictus
8%
Bunny
7%
Les Indestructibles 2 🦝 L'Hypnotiseur
7%
Trixie
7%
Monstres Academy 😱 Squishy
6%
Don Carlton
4%
Waternousse
4%
Vendelune
3%
Vortex
3%
Aucun quiz correspondant
Distribution des résultats
% des personnes avec chaque résultat
Percentile par nombre de réponses
Votre historique - résultats
Vous n’avez pas pris ce quiz